Statistiques concernant Une image un département français #1

Cliquez ici pour prendre le quiz!

Statistiques générales

  • Ce quiz a été pris 24 fois
  • Le résultat moyen est 4 sur 10

Statistiques - réponses

Réponse% Correct
Savoie
83%
Var
83%
Gironde
74%
Charente
35%
Creuse
35%
Manche
35%
Yonne
26%
Meuse
22%
Essonne
17%
Ardreche
0%

Distribution des résultats

Percentile par nombre de réponses

% des personnes avec chaque résultat

Votre développement - résultats

Vous n’avez pas pris ce quiz